000 00732nam a2200253Ia 4500
003 OSt
005 20220925223407.0
006 a|||||r|||| 00| 0
007 ta
008 220923b |||||||| |||| 00| 0 eng d
020 _a0415060648
037 _cGeneral Book
040 _aRTL
_cRTL
_beng
041 _2eng
_aeng
082 _aV58y7M95:g(WA), N2
100 _aGardiner Michael
_952561
245 0 _aDialogics of critique
_b M M Bakhtin and the theory
260 _aLondon
_bRoutledge
_c1992
300 _avii, 258p
_ccm.
500 _aBibliography; P 234-52
650 _aRussia History
_922158
942 _hV58y7M95:g(WA), N2
_cGB
_2CC
999 _c579426
_d579426